| 000 | 00382nam a22001217a 4500 | ||
|---|---|---|---|
| 082 | _a340.59 HID | ||
| 100 | _aHidayatullah, M. | ||
| 245 |
_aMulla's Principles of Muhammedan Law / _cM. Hidayatullah |
||
| 260 |
_aLahore : _bPakistan Civil & Criminal Law Publication, _c2010. |
||
| 300 |
_a346 p. ; _c25 cm. |
||
| 942 |
_2ddc _cBK |
||
| 999 |
_c586621 _d586621 |
||